000 00318nam a22001337a 4500
008 170609b xxu||||| |||| 00| 0 eng d
020 _a9781604266351
041 _aeng
080 _24TH
_a324
100 _a19
101 _aSHP
245 _aIS THIS ANY WAY TO RUN A DEMOCRATIC ELECTION
_cWAYNE,S.J
942 _2udc
_cBK
999 _c16657
_d16657